Detalles MARC
| 000 -ENCABEZADO |
| Número de control [NR] |
02901nam a22003977i 4500 |
| 001 - NÚMERO DE CONTROL |
| control field |
B-12613 |
| 003 - IDENTIFICADOR DE CONTROL NÚMERO |
| control field |
CO-BoFNCP |
| 007 - CAMPO DESCRIPCIÓN FÍSICA FIJA - INFORMACIÓN GENERAL |
| fixed length control field |
t|| |
| 008 - DE LONGITUD FIJA DE DATOS DE ELEMENTOS - INFORMACIÓN GENERAL |
| Elementos de longitud fija [NR] |
090929s2008 my a f z eng d |
| 040 ## - FUENTE DE CATALOGACION [NR] |
| Agencia de catalogación original [NR] |
CO-BoFNCP |
| Idioma de catalogación [NR] |
Español |
| Quien Cataloga |
CO-BoFNCP |
| Convenciones de la descripción [NR] |
rda |
| 041 ## - CODIGO DE IDIOMA [R] |
| Código de idioma para texto/pista de sonido o título separado [R] |
Inglés |
| 043 ## - CODIGO DE AREA GEOGRAFICA [NR] |
| Código de área geográfica [R] |
my |
| 084 ## - OTRO NUMERO DE CLASIFICACION [R] |
| Número clasificador [R] |
A- |
| 100 1# - ASIENTO PRINCIPAL--NOMBRE PERSONAL [NR] |
| Nombre personal [NR] |
Chayawat, Nakharin, |
| Término relacionador [R] |
autor. |
| Relator code |
aut |
| ID Autoridad |
41387 |
| 245 02 - MENCION DE TITULO [NR] |
| Título [NR] |
A reviwe of 15 years of oil palm irrigation research in Southern Thailand. |
| 264 #4 - PRODUCCIÓN, PUBLICACIÓN, DISTRIBUCIÓN, FABRICACIÓN Y COPYRIGHT |
| Fecha de producción, publicación, distribución, fabricación o copyright |
©2008 |
| 300 ## - DESCRIPCION FISICA [R] |
| Extensión [R] |
páginas 537-546 : |
| Otros detalles físicos [NR] |
Tablas, gráficos. |
| 336 ## - TIPO DE CONTENIDO |
| Término de tipo de contenido |
texto |
| Código de tipo de contenido |
txt |
| Fuente |
rdacontent |
| 337 ## - TIPO DE MEDIO |
| Nombre/término del tipo de medio |
sin mediación |
| Código del tipo de medio |
n |
| Fuente |
rdamedia |
| 338 ## - TIPO DE SOPORTE |
| Nombre/término del tipo de soporte |
volumen |
| Código del tipo de soporte |
nc |
| Fuente |
rdacarrier |
| 504 ## - NOTA DE BIBLIOGRAFIA, ETC. [R] |
| Nota de bibliografía, etc. [NR] |
Incluye referencias bibliográficas. |
| 520 ## - NOTA DE RESUMEN, ETC. [R] |
| Nota de sumario, etc. [NR] |
The climate in Southern Thailand has a regular dry season, with three to four months of soil water deficit, and Univanich started commercial irrigation of oil palms in the late 1980s. Research trials have compared irrigation methods, quiantities of water applied, and interactions with fertilisers, and the responses of different breeding materials. A comparison of four irrigation methods (sprinkler, microsprayer, furrow and drip) showed no significant differences in yield responses, though there was a suggestion that drip might be superior to the other methods, and drip was also preferred on grounds of operating costs and ease of management. Some practical aspects of drip installation are discussed in the paper. There were significant irrigation x fertiliser interactions, and with increased fertiliser inputs, teh response to irrigation was more or less linear, reaching 10 tonnes FFB per hectare per year at 6.4 mm rainfall equivalent (450 litres/palm/day). The yield response to irrigation based on a calculated water deficit depended on the severity of the dry season. Response in any one year was related to teh water deficit in the first quarter of the year, and also to that two years earlier; a multiple regression explained 1 percent of the year-to-year variation in yield response. Results from progeny trials duplicated with and without irrigation show that some progenies appeared to be more sensitive to drought, and gave larger responses to irrigation, that others. This could give breeders the option of selecting drought tolerant material for planting in areas where irrigation is not possible, or irrigation-responsive material for sites where irrigation is intended. |
| 650 #0 - ASIENTO SECUNDARIO DE MATERIA - TERMINO TEMATICO [R] |
| Término temático o nombre geográfico como elemento de entrada [NR] |
Deficiencia hídrica |
| 9 (RLIN) |
31596. |
| 650 #0 - ASIENTO SECUNDARIO DE MATERIA - TERMINO TEMATICO [R] |
| Término temático o nombre geográfico como elemento de entrada [NR] |
Elaeis guineensis. |
| 9 (RLIN) |
9057 |
| 650 #0 - ASIENTO SECUNDARIO DE MATERIA - TERMINO TEMATICO [R] |
| Término temático o nombre geográfico como elemento de entrada [NR] |
Fertilización |
| 9 (RLIN) |
32429. |
| 650 #0 - ASIENTO SECUNDARIO DE MATERIA - TERMINO TEMATICO [R] |
| Término temático o nombre geográfico como elemento de entrada [NR] |
Irrigación |
| 9 (RLIN) |
33268. |
| 650 #0 - ASIENTO SECUNDARIO DE MATERIA - TERMINO TEMATICO [R] |
| Término temático o nombre geográfico como elemento de entrada [NR] |
Palma de aceite |
| 9 (RLIN) |
37678. |
| 651 #0 - ASIENTO SECUNDARIO DE MATERIA - NOMBRE GEOGRAFICO [R] |
| 9 (RLIN) |
25967 |
| Nombre geográfico [NR] |
Tailandia. |
| 700 1# - ASIENTO SECUNDARIO - NOMBRE PERSONAL [R] |
| Nombre personal [NR] |
Clendon, J. H. |
| 9 (RLIN) |
41389. |
| 700 1# - ASIENTO SECUNDARIO - NOMBRE PERSONAL [R] |
| Nombre personal [NR] |
Corley, R. H. V. |
| 9 (RLIN) |
37547. |
| 700 1# - ASIENTO SECUNDARIO - NOMBRE PERSONAL [R] |
| Nombre personal [NR] |
Palat, Tittinutchanon |
| 9 (RLIN) |
41388. |
| 773 0# - ASIENTO DEL ITEM FUENTE [R] |
| Asiento principal [NR] |
The Planter (Malasia) |
| Información sobre la relación [R] |
v. 84, no. 989 (2008), p. 537-546 |
| Número de control del registro [R] |
A- |
| Número Internacional Normalizado para Publicaciones Seriadas - ISSN [NR] |
0126-575x |
| 942 ## - ELEMENTOS DE ENTRADA AGREGADOS (KOHA) |
| Sistema de clasificación |
Local |
| Tipo de ítem principal el descrito en 300a |
Artículo |
| 999 ## - NÚMEROS DE SISTEMAS DE CONTROL (KOHA) |
| Koha biblionumber |
26585 |
| 999 ## - NÚMEROS DE SISTEMAS DE CONTROL (KOHA) |
| Registro cosechable |
Si |